000 02187nam a2200301Ia 4500
999 _c56114
_d56114
001 23215
003 GE_BSU
005 20210224150207.0
008 181216s1993||||ge |||||||||||||| ||geo||
020 _a5511005487
040 _cGE_BSU
041 _ageo
080 _a94(5)+323.1(5) ა-36
245 _aაზიისა და აფრიკის ქვეყნების ისტორიის საკითხები :
_b(ეთნოკონფესიონალური ურთიერთობანი). წ. 1 /
_cრედ.: ალ. მენთეშაშვილი, ზ. მენთეშაშვილი.
264 _aთბილისი :
_bთბილ. უნ-ტის გამ-ბა,
_c1993.
300 _a391 გვ.;
_b22 სმ.
520 _a სახელმძღვანელოში გაშუქებულია აღმოსავლური რელიგიების როლი ახლო და შუა აღმოსავლეთის, სამხრეთ და სამხრეთ - აღმოსავლეთ აზიის, ჩრდილო, ტროპიკული და სამხრეთ აფრიკის ქვეყნების საზ-პოლიტიკურ და კულტურულ ცხოვრებაში და სხვ.
653 _aისტორია
653 _a აზიის ქვეყნების ისტორია
653 _a აფრიკის ქვეყნების ისტორია
653 _a რელიგია აზიის ქვეყნებში
653 _a რელიგია აფრიკის ქვეყნებში
653 _aეროვნული საკითხი აზიის ქვეყნებში
653 _aეროვნული საკითხი აფრიკის ქვეყნებში
700 _aმენთეშაშვილი, ალ.
_eრედაქტორი
_910208
700 _aმენთეშაშვილი, ზ.
_eრედაქტორი
_910223
942 _cBK
_2udc